000 00623nam a22002177a 4500
003 Ost
005 20250902140410.0
008 250902b |||||||| |||| 00| 0 eng d
020 _a9781316608852
040 _cBT-PhCST
050 _a25565
082 _222
_a553
_bKLE
100 _aKlein, Cornelis.
245 _aEarth materials :
_bintroduction to mineralogy and petrology /
250 _a2 nd ed.
260 _aEngland :
_bCambridge University Press,
_cc2017.
300 _axvii, 594 p. :
_bill. ;
_c28 cm.
500 _aIncludes index & some colour pages.
700 _aPhilpotts, Anthony.
942 _2ddc
_cGEOLOGY
999 _c10100
_d10100